|
|
|
|
| LEADER |
00750nam a2200181 a 4500 |
| 001 |
GR-MES2496 |
| 008 |
991111s gr 000 b gre d |
| 040 |
|
|
|a GrPaTEI
|b gre
|c GR-PaULI
|
| 082 |
|
0 |
|a Μ
|2 21
|
| 100 |
1 |
|
|a Σκάσσης, Θωμάς,
|d 1953-
|
| 245 |
1 |
2 |
|a Ο βαλσαμωμένος γάτος /
|c Θωμάς Σκάσσης.
|
| 260 |
|
|
|a [Αθήνα] :
|b Γνώση,
|c c1988
|
| 300 |
|
|
|a 104 σ. ;
|c 22 εκ.
|
| 650 |
|
4 |
|a ΜΥΘΙΣΤΟΡΗΜΑ
|z ΕΛΛΑΔΑ
|
| 942 |
|
|
|2 ddc
|
| 952 |
|
|
|0 0
|1 0
|2 ddc
|4 0
|6 Μ_ΣΚΑ
|7 0
|9 266896
|a MSLG
|b MSLG
|c BSC
|d 2021-01-17
|e 24
|f 0
|g 0.00
|l 0
|o Μ ΣΚΑ
|p 2420000013165
|r 2021-01-17 00:00:00
|t 1
|w 2021-01-17
|y BK15
|x 20080915 0 ΤΣΑΝΤΑΡΛΙΩΤΗ 1
|x GrPaTEI
|
| 971 |
|
|
|a .b2573541x
|b 16-04-20
|c 13-09-16
|
| 999 |
|
|
|c 153593
|d 153593
|